[Event "Lloyds Bank op"]
[Site "London"]
[Date "1988.??.??"]
[Round "?"]
[White "Bradbury, Neil H"]
[Black "Muir, Andrew J"]
[Result "1-0"]
[WhiteElo "2305"]
[BlackElo "2240"]

1.d4 d5 2.c4 e6 3.Nf3 Nf6 4.g3 Be7 5.Bg2 O-O 6.O-O dxc4 7.Nbd2 b5 8.a4 c6
9.e4 Nbd7 10.e5 Nd5 11.Ne4 h6 12.h4 a6 13.Nh2 f5 14.exf6 N7xf6 15.Qe2 Qb6
16.Nf3 Bd7 17.Ne5 Be8 18.axb5 cxb5 19.Be3 a5 20.Nc5 Ra7 21.Bh3 Nc7 22.f4 Ra8
23.Bf2 Rd8 24.Rfe1 Bh5 25.Qc2 a4 26.Ra3 Kh8 27.Kh2 Rd6 28.Rg1 Rfd8 29.g4 Be8
30.g5 Ng8 31.Rag3 Rxd4 32.gxh6 Nxh6 33.Rxg7 Rd3 34.Nexd3 Bxc5 35.Nxc5 Rd3
36.Nxd3 cxd3 37.Bxb6  1-0

[Event "UKR-ch"]
[Site "Lvov"]
[Date "1988.??.??"]
[Round "10"]
[White "Huzman, Alexander"]
[Black "Kruppa, Yuri"]
[Result "1/2-1/2"]
[WhiteElo "2490"]
[BlackElo "2435"]

1.Nf3 d5 2.d4 Nf6 3.c4 e6 4.g3 Be7 5.Bg2 O-O 6.O-O dxc4 7.Qc2 a6 8.a4 Bd7
9.Ne5 Bc6 10.Nxc6 Nxc6 11.Bxc6 bxc6 12.Rd1 Qd5 13.Na3 c5 14.dxc5 Qh5 15.f3 Qxc5+
16.Kg2  1/2-1/2

[Event "Lyngby op"]
[Site "Lyngby"]
[Date "1988.??.??"]
[Round "6"]
[White "Sorensen, Henrik"]
[Black "Luik, Helmuth"]
[Result "1/2-1/2"]
[WhiteElo "2265"]
[BlackElo "2345"]

1.d4 Nf6 2.c4 e6 3.g3 d5 4.Bg2 Be7 5.Nf3 O-O 6.O-O c5 7.cxd5 exd5 8.dxc5 Bxc5
9.Qc2 Be7 10.Nc3 Nc6 11.Bf4 Nb4 12.Qb3 d4 13.Nb5 Be6 14.Qd1 Bxa2 15.Nfxd4 Bd5
16.Rxa7 Rxa7 17.Nxa7 Bxg2 18.Kxg2 Nbd5 19.Bc1 Qb6 20.Nab5 Bc5 21.Qa4 h5 22.Nf3 Ng4
23.e3 Rc8 24.h3 Nxf2 25.Rxf2 Bxe3 26.Rc2 Rxc2+ 27.Qxc2 Qxb5 28.Ng1 Qc6 29.Qxc6 bxc6
30.Ne2 Kf8 31.Kf3 Bxc1 32.Nxc1 Nb4 33.Ke4 Ke7 34.Ne2 g6 35.Kd4 Kd6 36.Nc3 f5
37.Ne2 Nd5 38.Kd3 c5 39.Ng1 f4 40.gxf4 Nxf4+ 41.Ke4 Ne6 42.h4 Ng7 43.Nf3 Nf5
44.Kf4  1/2-1/2

[Event "Madrid rapid"]
[Site "Madrid"]
[Date "1988.??.??"]
[Round "3"]
[White "Kortschnoj, Viktor"]
[Black "Beliavsky, Alexander G"]
[Result "1-0"]
[WhiteElo "2640"]
[BlackElo "2645"]

1.d4 d5 2.c4 e6 3.Nf3 Nf6 4.g3 Be7 5.Bg2 O-O 6.Nc3 dxc4 7.Ne5 c5 8.dxc5 Qc7
9.Nxc4 Qxc5 10.Qb3 Nc6 11.Be3 Nd4 12.Bxd4 Qxd4 13.O-O Bd7 14.Rad1 Qc5 15.Ne4 Qc7
16.Rc1 Nxe4 17.Bxe4 Rab8 18.Qd3 f5 19.Bf3 Rfd8 20.Qe3 Qc5 21.Qxc5 Bxc5 22.Rfd1 b6
23.Ne5 Bb5 24.e3 Rxd1+ 25.Rxd1 Be7 26.Bc6 Be2 27.Rd2 Bh5 28.Bd7 Bf6 29.Bxe6+ Kh8
30.Nc6 Rb7 31.Bxf5 Rc7 32.Nd4 Bf7 33.b3 Rc1+ 34.Kg2 Bd5+ 35.f3 g6 36.Bd3 Bg5
37.Kf2 Rh1 38.Bf1 Bxe3+ 39.Kxe3 Rxf1 40.h4 Re1+ 41.Kf4 Re7 42.Nf5 Rd7 43.Ke5 Bc6
44.Rxd7 Bxd7 45.Nd4 Kg7 46.Kd6 Be8 47.Ke7 Bf7 48.Ne6+ Kg8 49.g4 a5 50.a4 h6
51.f4 h5 52.g5  1-0

[Event "Mendrisio op"]
[Site "Mendrisio"]
[Date "1988.??.??"]
[Round "5"]
[White "Dizdarevic, Emir"]
[Black "Milosevic, Goran"]
[Result "1-0"]
[WhiteElo "2495"]
[BlackElo "2350"]

1.Nf3 Nf6 2.c4 e6 3.g3 d5 4.d4 Be7 5.Bg2 O-O 6.Qc2 Nc6 7.O-O dxc4 8.Qxc4 Qd5
9.Qa4 Qh5 10.Nc3 e5 11.dxe5 Ng4 12.Nd5 Bd8 13.Nf4 Qf5 14.e4 Qd7 15.Rd1 Qe8
16.e6 fxe6 17.h3 e5 18.Nd3 Nf6 19.Nfxe5 Nxe5 20.Qxe8 Rxe8 21.Nxe5 Bxh3 22.Bxh3 Rxe5
23.f3 c6 24.Kg2 Bb6 25.Bd2 Ree8 26.Bc3 Kf7 27.Rd3 Rad8 28.Rad1 g6 29.Rxd8 Rxd8
30.Rxd8 Bxd8 31.Bc8 b6 32.Bb7 c5 33.a4 h5 34.e5 Ne8 35.Bd5+ Ke7 36.f4 Ng7
37.Kf3 Nf5 38.Be1 Nh6 39.Bc4 Kd7 40.Ke4 Nf5 41.Bf7 Ne7 42.Bc3  1-0

[Event "Mendrisio op"]
[Site "Mendrisio"]
[Date "1988.??.??"]
[Round "9"]
[White "Gruenenwald, Joerg"]
[Black "Wagman, Stuart"]
[Result "1-0"]
[WhiteElo "2345"]
[BlackElo "2215"]

1.d4 d5 2.c4 e6 3.Nf3 Nf6 4.g3 Be7 5.Bg2 O-O 6.O-O dxc4 7.Ne5 Nc6 8.Bxc6 bxc6
9.Nxc6 Qd6 10.Nxe7+ Qxe7 11.Qa4 e5 12.dxe5 Qxe5 13.Qxc4 Be6 14.Qc2 Nd5 15.Re1 Nb4
16.Qa4 Nd3 17.Rf1 Qxe2 18.Nc3 Qf3 19.Qd1 Qf5 20.f3 Rad8 21.Qa4 Qc5+ 22.Kg2 Nxb2
23.Qc2 Nc4 24.Qf2 Qe5 25.Qe1 Qh5 26.g4 Qg6 27.Bf4 Qf6 28.Kg3 h5 29.h4 Rd3
30.Ne4 Qg6 31.Qe2 Qxg4+ 32.Kf2 Qxf4 33.Qxd3 Ne5 34.Qc3 Bc4 35.Rg1 Bd3 36.Nd2 Qxh4+
37.Rg3 Qh2+ 38.Rg2 Qh4+ 39.Kg1 Qf4 40.Re1 f6 41.Rxe5 Qxe5 42.Qxd3 Qc5+ 43.Kh1 Re8
44.Ne4 Qf5 45.Qc4+ Kf8 46.Qxc7 g5 47.Qc3 Re6 48.Rd2 Kg7 49.Rg2 Kf8 50.Rb2 Kg7
51.Kg2 g4 52.Ng3 Qxf3+ 53.Qxf3 gxf3+ 54.Kxf3 Ra6 55.Nxh5+ Kf7 56.Nf4 Ke7
57.Rd2 Rd6 58.Rxd6 Kxd6 59.Ke4 Kc5 60.Kd3 Kb4 61.Kc2 f5 62.Kb2 Kc4 63.Ka3 Kb5
64.Kb3 Ka5 65.a4 Kb6 66.Kb4 Ka6 67.a5 Kb7 68.Kb5 Kc7 69.Ka6 Kb8 70.Nd5 Ka8
71.Kb5 Kb7 72.a6+ Kb8 73.Kc6 Ka8 74.Kc7  1-0

[Event "URS-ch sf"]
[Site "Moscow"]
[Date "1988.??.??"]
[Round "7"]
[White "Gorelov, Sergey G"]
[Black "Baikov, Vladimir A"]
[Result "1/2-1/2"]
[WhiteElo "2440"]
[BlackElo "2375"]

1.Nf3 d5 2.d4 Nf6 3.c4 e6 4.g3 Be7 5.Bg2 O-O 6.O-O dxc4 7.Ne5 Nc6 8.Bxc6 bxc6
9.Nxc6 Qd6 10.Nxe7+ Qxe7 11.Qa4 Qd6 12.Rd1 Qa6 13.Qxa6  1/2-1/2

[Event "Munich"]
[Site "Munich"]
[Date "1988.??.??"]
[Round "?"]
[White "Smejkal, Jan"]
[Black "Hecht, Hans Joachim"]
[Result "1/2-1/2"]
[WhiteElo "2515"]
[BlackElo "2445"]

1.Nf3 Nf6 2.c4 e6 3.g3 d5 4.d4 Be7 5.Bg2 O-O 6.O-O c6 7.Qc2 Nbd7 8.b3 b6
9.Rd1 Ba6 10.Nbd2 Rc8 11.e4 Qc7 12.e5 Ne8 13.Nf1 h6 14.Bb2 Qb8 15.Rac1 Nc7
16.Ne3 Bb7 17.Ne1 Rfd8 18.Nd3 c5 19.cxd5 Nxd5 20.Nxd5 Bxd5 21.Bxd5 exd5 22.Qe2 Nf8
23.dxc5 bxc5 24.Qg4 Ne6 25.Ba1 Qb7 26.h4 Bf8 27.Bc3 c4 28.bxc4 Rxc4 29.Qe2 Ba3
30.Rb1 Qc6 31.Bb2 Be7 32.Ne1 Qa4 33.Ng2 Rc2 34.Rd2 Qxa2 35.Rxc2 Qxb1+ 36.Rc1 Qe4
37.Qxe4 dxe4 38.Ne3 Bc5 39.Nc4 Bd4 40.Bxd4 Nxd4 41.Ra1 Nf3+ 42.Kg2 Rd4 43.Ne3 Nxe5
44.Rxa7 Rd2 45.Ra4 Nd3 46.Rxe4 Rxf2+ 47.Kg1 Re2 48.Re8+ Kh7 49.Kf1 Re1+ 50.Kg2 h5
51.Kf3 f6 52.Rd8 Ne5+ 53.Kf2 Ra1 54.Rd2 Ra3 55.Re2 Kg6 56.Kg2 Rd3 57.Nf1 Ng4
58.Ra2 Kf5 59.Re2 Rb3 60.Kg1 Rb4 61.Kg2 Ra4 62.Ne3+ Nxe3+ 63.Rxe3 Kg4 64.Re2 f5
65.Rb2 Rd4 66.Ra2 g6 67.Rb2 f4 68.gxf4 Rd6 69.Rb5  1/2-1/2

[Event "Naleczow"]
[Site "Naleczow"]
[Date "1988.??.??"]
[Round "10"]
[White "Andonov, Bogomil"]
[Black "Pandavos, Emanouel"]
[Result "1/2-1/2"]
[WhiteElo "2415"]
[BlackElo "2410"]

1.Nf3 Nf6 2.c4 e6 3.g3 d5 4.Bg2 Be7 5.d4 O-O 6.Qc2 c5 7.dxc5 Bxc5 8.cxd5 Bb4+
9.Bd2 Nxd5 10.O-O Bxd2 11.Nbxd2 Nc6 12.Rfd1 Qe7 13.Nb3 Rd8 14.Nfd4 Bd7 15.Nxc6 Bxc6
16.Nd4 Rac8 17.Qb3 Be8 18.Rac1 Rxc1 19.Rxc1 g6 20.e3 b6 21.a3 Nf6 22.Nc6 Bxc6
23.Rxc6 Rd2 24.Bf3 Kg7 25.Qc3 Qd8 26.Rc7 Qd3 27.Qxd3 Rxd3 28.Rxa7 Rb3 29.Rb7 Rxb2
30.a4 Rb4 31.Bc6 Kf8 32.Kg2 Nd5 33.Kf3 Nc3 34.Ra7 h5 35.h4 Rb2 36.Rd7 Rb4
37.Rd4 Rxd4 38.exd4 Ke7 39.Ke3 Kd6 40.Be8 Ke7 41.Bc6 Kd6 42.Be8 Ke7 43.Bc6  1/2-1/2

[Event "Oakham YM"]
[Site "Oakham"]
[Date "1988.??.??"]
[Round "?"]
[White "Flear, Christine"]
[Black "Burgess, Mark R"]
[Result "0-1"]
[WhiteElo "2185"]
[BlackElo "2250"]

1.d4 Nf6 2.c4 e6 3.g3 d5 4.Bg2 Be7 5.Nf3 O-O 6.O-O dxc4 7.Qc2 a6 8.a4 Bd7
9.Qxc4 Bc6 10.Rd1 a5 11.Nc3 Na6 12.Bg5 Bd5 13.Nxd5 exd5 14.Qb3 Nb4 15.Ne5 c6
16.Rac1 Nd7 17.Bxe7 Qxe7 18.Nd3 Rfe8 19.e3 Nb6 20.Bf1 h5 21.Nc5 h4 22.Kg2 g6
23.Be2 Kg7 24.Rg1 Rh8 25.Qd1 Nc8 26.Bd3 Nd6 27.Bb1 Rh6 28.Nd3 hxg3 29.hxg3 Rah8
30.Nxb4 axb4 31.Qf3 Nc4 32.Rh1 Rxh1 33.Rxh1 Rxh1 34.Kxh1 Nxb2 35.e4 Nxa4  0-1

[Event "World op"]
[Site "Philadelphia"]
[Date "1988.??.??"]
[Round "?"]
[White "Odendahl, Steven M"]
[Black "Browne, Walter S"]
[Result "1/2-1/2"]
[WhiteElo "2410"]
[BlackElo "2530"]

1.d4 Nf6 2.c4 e6 3.g3 d5 4.Nf3 Be7 5.Bg2 O-O 6.O-O dxc4 7.Ne5 Nc6 8.Nxc6 bxc6
9.Bxc6 Rb8 10.Bg2 Bb7 11.Bxb7 Rxb7 12.Nc3 Qd7 13.Rb1 Rd8 14.Bg5 Qxd4 15.Qa4 Rb4
16.Bxf6 gxf6 17.Qc6 Qb6 18.Qf3 Qb7 19.Qg4+ Kh8 20.Rbd1 Rxd1 21.Rxd1 Qc6 22.Qh5 Kg7
23.Qg4+ Kh8 24.Qh5 Kg7 25.Qg4+  1/2-1/2

[Event "Poznan op"]
[Site "Poznan"]
[Date "1988.??.??"]
[Round "3"]
[White "Krzywicki, Dariusz"]
[Black "Dyballa, Markus"]
[Result "1-0"]
[WhiteElo "2290"]
[BlackElo "2290"]

1.d4 Nf6 2.c4 e6 3.g3 d5 4.Bg2 Be7 5.Nf3 O-O 6.O-O dxc4 7.Ne5 Nc6 8.Nxc6 bxc6
9.Na3 Bxa3 10.bxa3 Nd5 11.Qa4 Nb6 12.Qxc6 Rb8 13.Qc5 Bb7 14.e4 Qd6 15.Bf4 Qxc5
16.dxc5 Na4 17.Rfc1 Ba6 18.Bf1 Nxc5 19.Bxc4 Rb7 20.Be3 Bxc4 21.Bxc5 Bd3 22.Bxf8 Kxf8
23.f3 f5 24.exf5 exf5 25.Rc3 Be2 26.Kf2 Rb2 27.Rxc7 a6 28.Ke3 Bb5 29.Rd1 Rxa2
30.Rd8+ Be8 31.Rcc8 Rxa3+ 32.Kd4 Ra4+ 33.Ke5  1-0

[Event "Reykjavik op"]
[Site "Reykjavik"]
[Date "1988.??.??"]
[Round "?"]
[White "Ostenstad, Berge"]
[Black "Hermansson, Tomas"]
[Result "1-0"]
[WhiteElo "2410"]
[BlackElo "1975"]

1.d4 d5 2.c4 e6 3.Nf3 Nf6 4.g3 Be7 5.Bg2 O-O 6.O-O c6 7.Qb3 Nbd7 8.Bg5 b6
9.Rd1 Bb7 10.Nc3 h6 11.Bxf6 Nxf6 12.Ne5 Nd7 13.Nxd7 Qxd7 14.e4 dxc4 15.Qxc4 b5
16.Qe2 Bf6 17.e5 Be7 18.Ne4 Rfd8 19.Rac1 Rac8 20.Nc5 Bxc5 21.dxc5 Qe7 22.Rd6 Rxd6
23.cxd6 Qd7 24.Qe3 Ba8 25.h4 Rf8 26.Qc5 Rc8 27.b4 a6 28.Be4 Bb7 29.Qb6 Kh8
30.Qe3 Kg8 31.Qf3 Ba8 32.Rc5 Bb7 33.Bc2 Rf8 34.Qd3 g6 35.h5 f5 36.exf6 Rxf6
37.hxg6 Kg7 38.Qd2 e5 39.Rxe5 Rxd6 40.Qe1  1-0

[Event "Reykjavik op"]
[Site "Reykjavik"]
[Date "1988.??.??"]
[Round "?"]
[White "Tisdall, Jonathan D"]
[Black "Einarsson, Halldor"]
[Result "1-0"]
[WhiteElo "2425"]
[BlackElo "2215"]

1.d4 d5 2.c4 e6 3.Nf3 Nf6 4.g3 Be7 5.Bg2 O-O 6.O-O dxc4 7.Qc2 a6 8.Qxc4 b5
9.Qc2 Bb7 10.Bd2 Be4 11.Qc1 b4 12.Bf4 Nd5 13.Nbd2 Nxf4 14.gxf4 Bb7 15.Qc2 c5
16.dxc5 Qc7 17.Ng5 Bxg5 18.Bxb7 Qxb7 19.fxg5 Qd5 20.Ne4 Nc6 21.e3 Ne5 22.f4 Nc4
23.Rad1 Nxe3 24.Rxd5 Nxc2 25.Rd3 f5 26.gxf6 gxf6 27.Rf2 b3 28.axb3 Nb4 29.Rd7 Rf7
30.Rd6 e5 31.Nxf6+ Kf8 32.fxe5  1-0

[Event "URS-ch sf"]
[Site "Riga"]
[Date "1988.??.??"]
[Round "?"]
[White "Tukmakov, Vladimir B"]
[Black "Janjgava, Lasha"]
[Result "1/2-1/2"]
[WhiteElo "2590"]
[BlackElo "2470"]

1.d4 Nf6 2.c4 e6 3.Nf3 d5 4.g3 Be7 5.Bg2 O-O 6.O-O dxc4 7.Qc2 a6 8.a4 Bd7
9.Qxc4 Bc6 10.Bg5 a5 11.Nc3 Na6 12.Rac1 Bd5 13.Qd3 Nb4 14.Qb1 Bxf3 15.Bxf3 c6
16.Rfd1 Nd7 17.Bxe7 Qxe7 18.Ne4 Na6 19.h4 h6 20.h5 Rfd8 21.e3 Rac8 22.Be2 Nb4
23.b3 Nf6 24.Nd2 c5 25.Ne4 cxd4 26.Nxf6+ Qxf6 27.Rxc8 Rxc8 28.Rxd4 Rd8 29.Rc4 Nc6
30.Qc1 Qf5 31.Rc5 Rd5 32.Rb5 Qe4 33.Rxb7 Nd4 34.exd4 Qxe2 35.Qf1 Qf3 36.Qb1 f5
37.Qe1 e5 38.Qe3 Qxh5 39.Kg2 Qe8 40.dxe5 Rxe5 41.Qb6 Re6 42.Qc7 Qc6+ 43.Qxc6 Rxc6
44.Rb5 Rc3 45.Rxa5 Rxb3 46.Rxf5 Ra3 47.a5 g6 48.Rb5 h5 49.f3 Ra4 50.Kh3 Ra3
51.Kg2 Ra4 52.Kf2 Kg7 53.Ke3 Kf6 54.Kd3 g5 55.Kc3 h4 56.Kb3 Ra1 57.Kb2 Ra4
58.Kb3 Ra1 59.Kb2 Ra4 60.gxh4 gxh4 61.Kb3 Ra1 62.Rh5 Kg6  1/2-1/2

[Event "Riga"]
[Site "Riga"]
[Date "1988.??.??"]
[Round "?"]
[White "Karasev, Vladimir I"]
[Black "Pigusov, Evgeny"]
[Result "0-1"]
[WhiteElo "2330"]
[BlackElo "2530"]

1.d4 Nf6 2.c4 e6 3.g3 d5 4.Bg2 Be7 5.Nf3 O-O 6.O-O dxc4 7.Ne5 Nc6 8.Bxc6 bxc6
9.Nxc6 Qe8 10.Qa4 Bb4 11.a3 Bb7 12.axb4 Bxc6 13.Qa5 Nd5 14.b5 Bxb5 15.e4 Nb6
16.Nc3 a6 17.Bf4 Qd7 18.Rad1 Na4 19.Rd2 Rac8 20.Nxa4 Bxa4 21.d5 Bb5 22.Rfd1 f6
23.dxe6 Qxe6 24.f3 Qb6+ 25.Qxb6 cxb6 26.Rd6 c3 27.bxc3 Rxc3 28.Kf2 Bc6 29.Rc1 Rxc1
30.Bxc1 Rc8 31.Be3 b5 32.Bb6 Be8 33.Ba5 Rc2+ 34.Rd2 Rc1 35.Rd8 Kf7 36.Ra8 Rc2+
37.Ke3 Rxh2 38.Bd2 h5 39.Rxa6 Rg2 40.Ra7+ Kg6 41.Re7 Bf7 42.Be1 Rb2 43.f4 Ba2
44.f5+ Kh6 45.Rb7 Bb1 46.Bc3 Rb3 47.Kd4 Kh7 48.Re7 b4 49.Be1 Rd3+ 50.Kc4 b3
51.Bc3 Rxg3 52.Bxf6 Bxe4 53.Be5 Rg2 54.Kxb3 Bxf5 55.Kc3 h4 56.Rf7 Be6 57.Rf3 h3
58.Rg3 Re2 59.Rg5 g6 60.Kd3 Rxe5  0-1

[Event "Rome"]
[Site "Rome"]
[Date "1988.??.??"]
[Round "?"]
[White "Smyslov, Vassily"]
[Black "Rigo, Janos"]
[Result "1/2-1/2"]
[WhiteElo "2550"]
[BlackElo "2370"]

1.d4 Nf6 2.c4 e6 3.g3 d5 4.Nf3 Be7 5.Bg2 O-O 6.O-O c6 7.Nbd2 Nbd7 8.Qc2 Re8
9.e4 dxc4 10.Nxc4 b6 11.Bf4 Ba6 12.Rfe1 Rc8 13.Nd6 Bxd6 14.Bxd6 c5 15.Qa4 Bb7
16.e5 Ne4 17.Rad1 c4 18.Ba3 c3 19.Nh4 f5 20.exf6 Ndxf6 21.Qc2 cxb2 22.Qxb2 Bd5
23.Rc1  1/2-1/2

[Event "Saint John op-1"]
[Site "Saint John"]
[Date "1988.??.??"]
[Round "?"]
[White "Ross, David"]
[Black "Dizdar, Goran"]
[Result "1/2-1/2"]
[WhiteElo "2325"]
[BlackElo "2490"]

1.d4 Nf6 2.Nf3 d5 3.c4 e6 4.g3 Be7 5.Bg2 O-O 6.O-O c6 7.Qc2 b6 8.b3 Bb7 9.Nc3 Na6
10.Rd1 c5 11.cxd5 Nb4 12.Qb1 Nbxd5 13.Bb2 cxd4 14.Nxd5 Qxd5 15.Bxd4 Qa5 16.a3 Rfd8
17.Qb2 Rac8 18.b4 Qa4 19.Rdc1 Ne8 20.h4 h6 21.Rxc8 Rxc8 22.Rc1 Rxc1+ 23.Qxc1 Qb5
24.Qc2 Bd6 25.Ne1 Qd7 26.Bb2 b5 27.Nf3 Qc7 28.Qd3 a6 29.g4 Bd5 30.e4 Qc4
31.Ne1 Qxd3 32.Nxd3 Bc4 33.Ne5 Be2 34.g5 hxg5 35.hxg5 Bc7 36.Bd4 Nd6  1/2-1/2

[Event "Saint John op-1"]
[Site "Saint John"]
[Date "1988.??.??"]
[Round "?"]
[White "Suba, Mihai"]
[Black "Dizdar, Goran"]
[Result "1-0"]
[WhiteElo "2550"]
[BlackElo "2490"]

1.Nf3 d5 2.c4 e6 3.g3 Nf6 4.Bg2 Be7 5.d4 O-O 6.O-O c6 7.Qc2 Nbd7 8.Rd1 Ne4
9.b3 f5 10.e3 a5 11.Ba3 Bxa3 12.Nxa3 Qe7 13.Qb2 g5 14.Nc2 h5 15.Nce1 h4 16.Nd3 hxg3
17.hxg3 Kg7 18.a3 Rh8 19.Rdc1 Nd6 20.c5 Ne4 21.b4 Ndf6 22.Nfe5 Bd7 23.bxa5 Bc8
24.Qb4 Qd8 25.Rcb1 Qxa5 26.a4 Re8 27.Qxa5 Rxa5 28.Nc1 Re7 29.Nb3 Ra7 30.a5 Nd7
31.Nd3 Nc3 32.Rb2 Nb8 33.Bf1 Na6 34.f3 Nb5 35.Ne5 Nbc7 36.Rh2 Kg8 37.Rh5 Nb8
38.Ra2 Rh7 39.Rxg5+ Rg7 40.Rxg7+ Kxg7 41.g4 Nd7 42.g5 Na6 43.Rh2 Nxe5 44.dxe5 Nb8
45.Rh6 Nd7 46.f4 Nf8 47.Be2 Bd7 48.Bh5 Ra8 49.Kf2  1-0

[Event "Saint John op-2"]
[Site "Saint John"]
[Date "1988.??.??"]
[Round "?"]
[White "Schwartzman, Gabriel"]
[Black "Johnstone, Glenn"]
[Result "1-0"]
[WhiteElo "2560"]
[BlackElo "2350"]

1.d4 e6 2.c4 d5 3.Nf3 Nf6 4.g3 Be7 5.Bg2 O-O 6.O-O Nbd7 7.Nc3 dxc4 8.Qc2 a6
9.Rd1 c5 10.d5 exd5 11.Nxd5 Nxd5 12.Rxd5 Qe8 13.Be3 h6 14.Rad1 Rb8 15.Bf4 Ra8
16.R5d2 Ra7 17.Qxc4 b5 18.Qc2 Nf6 19.Ne5 Bb7 20.Bxb7 Rxb7 21.b3 Qc8 22.Qd3 Re8
23.Qf3 Rb6 24.Nd7 Re6 25.Nxf6+ Bxf6 26.Be3 c4 27.bxc4 Qxc4 28.Qd5 Rc8 29.Qxc4 Rxc4
30.Rd6 Ra4 31.Rxe6 fxe6 32.Rd2 Bc3 33.Rc2 Rc4 34.Bc1 Kf7 35.Kf1 Ke7 36.Bb2 Bxb2
37.Rxb2 Kd6 38.Ke1 Kc5 39.Kd2 h5 40.Rb3 a5 41.Re3 Ra4 42.a3 Kd5 43.Kc2 g6
44.Kb3 e5 45.Rc3 Re4 46.Rc2 h4 47.e3 a4+ 48.Kb2 h3 49.Rc8 Rc4 50.Rh8 Ke4
51.Rxh3 Kd3 52.Rh8 Rc2+ 53.Kb1 Rxf2 54.Rb8 Kxe3 55.Rxb5 e4 56.Rg5 Rxh2 57.Rxg6 Kf3
58.Rf6+ Kxg3 59.Re6 Kf3 60.Rf6+ Ke2 61.Kc2 e3 62.Rf4 Ke1+ 63.Kc3 e2 64.Re4 Rh3+
65.Kb4 Kd2 66.Rxe2+ Kxe2 67.Kxa4 Kd3 68.Kb5 Kd4 69.a4 Kd5 70.a5 Rb3+ 71.Ka6 Kc6
72.Ka7 Kc7 73.a6  1-0

[Event "Saint John op-2"]
[Site "Saint John"]
[Date "1988.??.??"]
[Round "?"]
[White "Ross, David"]
[Black "Russek, Guil"]
[Result "1/2-1/2"]
[WhiteElo "2325"]
[BlackElo "2305"]

1.c4 e6 2.d4 d5 3.Nf3 Nf6 4.g3 Be7 5.Bg2 O-O 6.O-O Nbd7 7.Qc2 c6 8.Nbd2 b6
9.e4 dxe4 10.Nxe4 Nxe4 11.Qxe4 Bb7 12.Rd1 Qc7 13.Bf4 Bd6 14.Bxd6 Qxd6 15.c5 Qe7
16.b4 Nf6 17.Qe1 Rfd8 18.Ne5 Nd5 19.Rac1 b5 20.a4 bxa4 21.Ra1 f6 22.Nf3 Ba6
23.Rxa4 Bb5 24.Ra5 a6 25.h4 Rd7 26.Bh3 Nc7 27.Ra3 Bc4 28.Nd2 Bd5 29.Re3 Re8
30.Nb1 Qd8 31.Nc3 Rde7 32.f4 Qb8 33.Bf1 Nb5 34.Nxb5 axb5 35.Qc3 Ra7 36.Rde1 Qd8
37.Bh3 Ra2 38.R3e2 Rxe2 39.Rxe2 f5 40.Re5 Qd7 41.Re1  1/2-1/2

[Event "Saint John op-1"]
[Site "Saint John"]
[Date "1988.??.??"]
[Round "?"]
[White "Andonov, Bogomil"]
[Black "Clemance, Philip A"]
[Result "1-0"]
[WhiteElo "2420"]
[BlackElo "2315"]

1.Nf3 d5 2.c4 e6 3.g3 Nf6 4.Bg2 Be7 5.d4 O-O 6.Qc2 Nbd7 7.O-O c6 8.Nbd2 b6
9.e4 dxe4 10.Nxe4 Bb7 11.Rd1 Nxe4 12.Qxe4 Nf6 13.Qe2 Qc7 14.Bf4 Bd6 15.Bxd6 Qxd6
16.Ne5 Rad8 17.Rac1 Qc7 18.c5 bxc5 19.dxc5 Rxd1+ 20.Rxd1 Nd5 21.a3 a5 22.f4 Ra8
23.Be4 Ba6 24.Qh5 g6 25.Qf3 Rb8 26.Qf2 Rb3 27.Rd2 Bb5 28.Nf3 Nf6 29.Qd4 Nxe4
30.Qxe4 Qe7 31.Rd6 Qf6 32.Ne5 Rxb2 33.Qd4 Rb1+ 34.Kf2 Qf5 35.Rd8+ Kg7 36.Ng4+ e5
37.Rg8+ Kxg8 38.Nh6+ Kg7 39.Nxf5+ gxf5 40.Qxe5+ Kg6 41.g4  1-0

[Event "Sarajevo"]
[Site "Sarajevo"]
[Date "1988.??.??"]
[Round "?"]
[White "Kozul, Zdenko"]
[Black "Dizdar, Goran"]
[Result "0-1"]
[WhiteElo "2470"]
[BlackElo "2490"]

1.d4 e6 2.c4 d5 3.Nf3 Nf6 4.g3 Be7 5.Bg2 O-O 6.O-O c6 7.Qc2 Nbd7 8.Nbd2 b6
9.e4 Bb7 10.e5 Ne8 11.cxd5 cxd5 12.Re1 Rc8 13.Qb3 Qc7 14.Nf1 Qc2 15.Qxc2 Rxc2
16.Ne3 Rc8 17.Bd2 Nc7 18.Bh3 Na6 19.Rec1 Rxc1+ 20.Rxc1 Rc8 21.Rxc8+ Bxc8
22.Ne1 Nc7 23.f4 Nb8 24.Kf2 Nc6 25.N3c2 Ba6 26.Bg4 Kf8 27.Be2 Bxe2 28.Kxe2 h5
29.Nd3 Ke8 30.Bb4 Nxb4 31.Ndxb4 Kd7 32.Nd3 g6 33.Nde1 Na6 34.h3 Kc6 35.g4 hxg4
36.hxg4 Kb5 37.Kd3 Nb8 38.Ng2 Kc6 39.Nge3 Kd7 40.f5 gxf5 41.gxf5 Bg5 42.f6 Nc6
43.Kc3 Ke8 44.Nd1 Bf4 45.Nb4 Nxe5 46.dxe5 Bxe5+ 47.Kb3 Kd7 48.Ka4 a5 49.Nd3 Bxf6
50.Kb5 Bd4 51.Nf4 f5 52.Ne2 Bc5 53.a3 e5 54.Nec3 Ke6 55.Kc6 d4 56.Nd5 e4
57.b4 axb4 58.axb4 Bd6 59.b5 f4 60.Nxb6 e3 61.Nb2  0-1

[Event "Schoeneck op"]
[Site "Schoeneck"]
[Date "1988.??.??"]
[Round "1"]
[White "Gruen, Peter"]
[Black "Garcia Palermo, Carlos"]
[Result "1/2-1/2"]
[WhiteElo "2380"]
[BlackElo "2455"]

1.d4 d5 2.c4 e6 3.Nf3 Nf6 4.g3 Be7 5.Bg2 O-O 6.O-O Nbd7 7.Qc2 c6 8.b3 b6
9.Rd1 Bb7 10.Nc3 Rc8  1/2-1/2

[Event "URS-FL56"]
[Site "Simferopol"]
[Date "1988.??.??"]
[Round "?"]
[White "Romanishin, Oleg M"]
[Black "Janjgava, Lasha"]
[Result "1-0"]
[WhiteElo "2550"]
[BlackElo "2470"]

1.d4 Nf6 2.c4 e6 3.Nf3 d5 4.g3 Be7 5.Bg2 O-O 6.O-O dxc4 7.Qc2 a6 8.Qxc4 b5
9.Qc2 Bb7 10.Bd2 Be4 11.Qc1 Bb7 12.Qc2 Be4 13.Qc1 Bb7 14.Bf4 Nd5 15.Nc3 Nxf4
16.Qxf4 Qd6 17.Rfd1 Nd7 18.d5 Qxf4 19.gxf4 exd5 20.Nxd5 Bxd5 21.Rxd5 Nb6
22.Rdd1 Bf6 23.Rac1 Bxb2 24.Rxc7 Rac8 25.Rxc8 Rxc8 26.Rd6 Rb8 27.Ne1 Bf6
28.Nd3 a5 29.Rc6 Na4 30.e4 b4 31.e5 Bd8 32.f5 Nc3 33.e6 Bf6 34.Nc5 fxe6 35.fxe6 Re8
36.Bf1 g6 37.Bc4 Kg7 38.Ra6 Bd4 39.Nb3 Bf6 40.Nxa5 Kh6 41.Nc6 Ne4  1-0

[Event "Tatran Cup"]
[Site "Stary Smokovec"]
[Date "1988.??.??"]
[Round "1"]
[White "Stohl, Igor"]
[Black "Cvetkovic, Srdjan"]
[Result "1-0"]
[WhiteElo "2450"]
[BlackElo "2450"]

1.d4 Nf6 2.c4 e6 3.Nf3 d5 4.g3 Be7 5.Bg2 O-O 6.O-O dxc4 7.Ne5 Nc6 8.Bxc6 bxc6
9.Nxc6 Qe8 10.Nxe7+ Qxe7 11.Qa4 e5 12.dxe5 Qxe5 13.Qxc4 Be6 14.Qd3 Rab8 15.Nc3 Rfd8
16.Qe3 Qxe3 17.Bxe3 Rxb2 18.Bxa7 Ra8 19.Bd4 Bxa2 20.Bxf6 gxf6 21.Rfc1 Kg7
22.e4 Ra6 23.Nd1 Rb4 24.f3 Bc4 25.Rxa6 Bxa6 26.Ne3 Rb3 27.Nf5+ Kg6 28.Rxc7 Rb1+
29.Kf2 Rb2+ 30.Ke3  1-0

[Event "DDR-ch (Women)"]
[Site "Stralsund"]
[Date "1988.??.??"]
[Round "3"]
[White "Heinatz, Gundula"]
[Black "Broeder, Iris"]
[Result "1-0"]
[WhiteElo "2180"]
[BlackElo "2205"]

1.d4 Nf6 2.Nf3 e6 3.g3 d5 4.c4 Be7 5.Bg2 O-O 6.O-O c6 7.Qc2 b6 8.Nbd2 Bb7
9.b3 Nbd7 10.Bb2 Rc8 11.Rfd1 Rc7 12.Rac1 Qa8 13.cxd5 exd5 14.Ne5 Bd6 15.Qf5 Bc8
16.Qb1 Re8 17.f4 Nf8 18.h3 Bb7 19.Kh2 Rce7 20.Ndf3 Ne4 21.Nh4 g6 22.Bxe4 dxe4
23.Ng4 Nd7 24.Nh6+ Kf8 25.d5 cxd5 26.Qa1 Rc8 27.Ba3  1-0

[Event "URS Cup rapid"]
[Site "Tallinn"]
[Date "1988.??.??"]
[Round "3"]
[White "Tukmakov, Vladimir B"]
[Black "Kuzmin, Gennadi P"]
[Result "1-0"]
[WhiteElo "2570"]
[BlackElo "2475"]

1.d4 Nf6 2.c4 e6 3.g3 d5 4.Bg2 Be7 5.Nf3 O-O 6.O-O dxc4 7.Ne5 Qd6 8.Nxc4 Qa6
9.Qb3 Rd8 10.Nc3 Nc6 11.e3 Na5 12.Nxa5 Qxa5 13.Bd2 Qb6 14.Qc2 Bd7 15.b4 Bc6
16.Na4 Bxa4 17.Qxa4 e5 18.Bc3 e4 19.Rfc1 Qe6 20.Qc2 Bd6 21.b5 Re8 22.Bd2 h5
23.h3 a6 24.a4 Qd7 25.bxa6 Rxa6 26.a5 h4 27.g4 Nxg4 28.hxg4 Qxg4 29.Qd1 Qg5
30.f4 Qf5 31.Qf1 Re6 32.Bh3 Qg6+ 33.Kh1 Qh5 34.Be1 c5 35.dxc5 Bxc5 36.f5  1-0

[Event "Tel Aviv"]
[Site "Tel Aviv"]
[Date "1988.??.??"]
[Round "?"]
[White "Birnboim, Nathan"]
[Black "Liberzon, Vladimir M"]
[Result "0-1"]
[WhiteElo "2465"]
[BlackElo "2460"]

1.d4 d5 2.c4 e6 3.Nf3 Nf6 4.g3 Be7 5.Bg2 O-O 6.O-O dxc4 7.Qc2 a6 8.Nbd2 b5
9.Ng5 c6 10.b3 h6 11.Ngf3 cxb3 12.Nxb3 a5 13.Rd1 Nd5 14.e4 Nb4 15.Qe2 Nd7
16.a3 Na6 17.d5 exd5 18.exd5 cxd5 19.Nfd4 Bb7 20.Qxb5 Nac5 21.Nxc5 Nxc5 22.Be3 Ba6
23.Qb1 Bc4 24.Nf5 Rb8 25.Qc2 Nb3 26.Rab1 Bf6 27.Bf4 Rb6 28.Be3 Rb8 29.Bf1 Bxf1
30.Kxf1 a4 31.Qc6 d4 32.Bf4 Rb6 33.Qxa4 Qd5 34.Kg1 Ra8 35.Ne3 dxe3 36.Rxd5 exf2+
37.Kxf2 Rxa4 38.Be3 Rb7 39.Rd3 Rxa3  0-1

[Event "Thessaloniki ol (Women)"]
[Site "Thessaloniki"]
[Date "1988.??.??"]
[Round "?"]
[White "Cuevas Rodriguez, Ma Luisa"]
[Black "Amura, Claudia Noemi"]
[Result "0-1"]
[WhiteElo "2205"]
[BlackElo "2195"]

1.d4 Nf6 2.c4 e6 3.g3 d5 4.Nf3 Be7 5.Bg2 O-O 6.O-O dxc4 7.Qc2 a6 8.Qxc4 b5
9.Qc2 Bb7 10.Bd2 Be4 11.Qc1 Bb7 12.Rd1 Qc8 13.b4 Nc6 14.Qb2 a5 15.bxa5 Nxa5
16.Qxb5 Ba6 17.Qa4 Bxe2 18.Re1 Nc4 19.Qc2 Bxf3 20.Bxf3 Nxd2 21.Nxd2 Ra3 22.Nb3 Bd6
23.Bg2 Qa6 24.Nc5 Qa5 25.Nb7 Qa7 26.Red1 Rb8 27.Nxd6 cxd6 28.Rab1 Rf8 29.Rd2 d5
30.Rb3 Ra4 31.Qb2 h6 32.Bf1 Ne4 33.Rb7 Qa8 34.Rc2 Rxa2 35.Qxa2 Qxb7 36.Rb2 Qc7
37.Qb1 Qc3 38.Rb4 Nd2 39.Qb2 Nf3+ 40.Kg2 Qxb2 41.Rxb2 Nxd4  0-1